000 00773nam a22002657a 4500
001 BR7302658
003 BR-BrBNA
005 20230928083934.0
007 ta
008 230509b bl.||||| |||| 00| 0 por d
040 _aBR-BrBNA
_bpor
_cBiblioteca Nacional de Agricultura
041 _a(Por)
072 _aE16; U10
_b/G514
090 _ E16 BR7302658
100 1 _aPaez, G.
110 1 _aEmpresa Brasileira de Pesquisa Agropecuaria, Brasilia, DF (Brasil)
245 1 _aDelineamento experimental de sistemas de producao agricola
260 3 _aBrasilia, DF (Brasil):
_c[nd].
300 _a51 p.
500 _aPublished 1975? 10 ref.
650 _aSISTEMA DE PRODUCAO
650 _aPROGRAMA DE COMPUTADOR
909 _a202309
_bLucia
_c55
_dLucia Elande
942 _cBK
999 _c15921
_d15921